Statistics for Can you name every dark type Pokémon? Version III

Click here to take the quiz!

General Stats

  • This quiz has been taken 7 times
  • The average score is 65 of 74

Answer Stats

Pokédex NumberPokémon% Correct
#359Absol
100%
#088Alolan Grimer
100%
#052Alolan Meowth
100%
#089Alolan Muk
100%
#053Alolan Persian
100%
#020Alolan Raticate
100%
#019Alolan Rattata
100%
#332Cacturne
100%
#318Carvanha
100%
#342Crawdaunt
100%
#491Darkrai
100%
#452Drapion
100%
#264Galarian Linoone
100%
#263Galarian Zigzagoon
100%
#430Honchkrow
100%
#229Houndoom
100%
#228Houndour
100%
#359Mega Absol
100%
#130Mega Gyarados
100%
#229Mega Houndoom
100%
#302Mega Sableye
100%
#319Mega Sharpedo
100%
#262Mightyena
100%
#198Murkrow
100%
#274Nuzleaf
100%
#261Poochyena
100%
#302Sableye
100%
#319Sharpedo
100%
#275Shiftry
100%
#435Skuntank
100%
#215Sneasel
100%
#442Spiritomb
100%
#434Stunky
100%
#197Umbreon
100%
#461Weavile
100%
#658Ash-Greninja
83%
#625Bisharp
83%
#633Deino
83%
#658Greninja
83%
#799Guzzlord
83%
#720Hoopa (Unbound)
83%
#635Hydreigon
83%
#727Incineroar
83%
#686Inkay
83%
#552Krokorok
83%
#553Krookodile
83%
#510Liepard
83%
#687Malamar
83%
#630Mandibuzz
83%
#248Mega Tyranitar
83%
#827Nickit
83%
#675Pangoro
83%
#624Pawniard
83%
#509Purrloin
83%
#551Sandile
83%
#560Scrafty
83%
#559Scraggy
83%
#828Thievul
83%
#248Tyranitar
83%
#629Vullaby
83%
#717Yveltal
83%
#571Zoroark
83%
#570Zorua
83%
#634Zweilous
83%
#861Grimmsnarl
67%
#859Impidimp
67%
#860Morgrem
67%
#877Morpeko (Hangry Mode)
67%
#862Obstagoon
67%
#???Zarude
67%
#877Morpeko (Full Belly Mode)
50%
#773Silvally (Dark Memory)
50%
#???Urshifu (Single Strike Style)
50%
#493Arceus (Dread Plate)
33%

Score Distribution

Percentile by Number Answered

Percent of People with Each Score

Your Score History

You have not taken this quiz